000 00860nas a2200277 4500
001 BR9208207
003 BR-BrBNA
005 20231205093102.0
007 ta
008 230509b bl.|||p| |||| 00| 00por d
040 _aBR-BrBNA
_bpor
_cBiblioteca Nacional de Agricultura
041 _a(Pt)
072 _aL73
100 1 _aBaldassi, L.
100 1 _aHipolito, M.
100 1 _aCalil, E.M.B.
100 1 _aChiba, S.
100 1 _aMoulin, A.A.P.
245 1 _aObservacoes sobre a incidencia da gangrena gasosa e do carbunculo sintomatico durante 10 anos, 1970-79, no Estado de Sao Paulo
650 _aBOVINO
650 _aSEPTICEMIA GANGRENOSA
650 _aCARBUNCULO SINTOMATICO
773 0 _tBiologico (Brazil)
_xISSN 0366-0567
_g(Jun 1985), v. 51(6) p. 161-165
_wBR9208207
909 _a202311
_bLúcia
_c55
_dLúcia Elande
942 _2AGRIS
_n0
_cANA
999 _c136149
_d136149